Catálogo

HERNAN CORTES (Registro nro. 2288)

Detalles MARC
000 -LEADER
fixed length control field 00431nam a2200169 a 4500
001 - CONTROL NUMBER
control field 2288
005 - DATE AND TIME OF LATEST TRANSACTION
control field 20180713182301.0
008 - FIXED-LENGTH DATA ELEMENTS--GENERAL INFORMATION
fixed length control field 140415s1960 sp 000 0 spa d
041 ## - LANGUAGE CODE
Language code of text/sound track or separate title spa
082 ## - DEWEY DECIMAL CLASSIFICATION NUMBER
Classification number 972.031
Item number FIL
100 1# - MAIN ENTRY--PERSONAL NAME
Personal name FILGUEIRA VALVERDE, JOSE
245 10 - TITLE STATEMENT
Title HERNAN CORTES
250 ## - EDITION STATEMENT
Edition statement 1a ed.
260 ## - PUBLICATION, DISTRIBUTION, ETC.
Place of publication, distribution, etc. ESPAÑA :
Name of publisher, distributor, etc. CULTURA HISPANICA,
Date of publication, distribution, etc. 1960
300 ## - PHYSICAL DESCRIPTION
Extent 161
650 14 - SUBJECT ADDED ENTRY--TOPICAL TERM
Topical term or geographic name entry element MEXICO
General subdivision HISTORIA
-- COLONIA
Existencias
Withdrawn status Lost status Source of classification or shelving scheme Damaged status Not for loan Collection code Home library Current library Shelving location Date acquired Source of acquisition Inventory number Total Checkouts Full call number Barcode Date last seen Price effective from Koha item type
    Dewey Decimal Classification   En catalogación General Biblioteca Karol Wojtyla Biblioteca Karol Wojtyla Procesos técnicos 03/12/2013 Compra 151000000000000000082461   972.031 FIL 12982 05/01/2026 03/12/2013 Libro